| 000 | 00686nam a2200205Ii 4500 | ||
|---|---|---|---|
| 003 | JO-AjNU | ||
| 008 | 230606s9999||||xx |||||||||||||| ||und|| | ||
| 020 | _a0-07-010207-4 | ||
| 040 |
_aJO-AjNU _beng _erda _cJO-AjNU |
||
| 041 | _aeng | ||
| 050 | 1 | 4 | _aHF5686.C8.P5955 1983 |
| 100 | 3 |
_aCashin,James A / Polimeni, Ralph S, _eauthor _93207 |
|
| 245 | 0 | 0 | _aSchaum's Outline of Theory and Problems of Cost Accounting Vol.11 |
| 264 | 3 | 1 | _aNew York : Mc Graw Hill book company,1983 |
| 300 |
_aVol.11, 196p _b Includes indexes(p193-196) |
||
| 336 |
_atext _btxt _2rdacontent |
||
| 337 |
_aunmediated _bn _2rdamedia |
||
| 338 |
_avolume _bnc _2rdacarrier |
||
| 650 | 4 |
_aCost Accounting _93208 |
|
| 999 |
_aE1679 _c1679 _d1679 |
||